| 000 | 00750nam a2200265 a 4500 | ||
|---|---|---|---|
| 999 |
_c8237 _d8237 |
||
| 001 | 8237 | ||
| 003 | BD - JhCC | ||
| 005 | 20180324103522.0 | ||
| 008 | 930324s1976 si 000 0 eng d | ||
| 020 | _z007Y855056 | ||
| 035 | _a(BD - JhCC)8237 | ||
| 040 |
_aBD-JhCC _dBD-JhCC |
||
| 041 | _aeng | ||
| 082 |
_bMIL 1976 _a621.3815 |
||
| 100 | 1 |
_aMillman, Jacob, _d1911-1991. |
|
| 245 | 1 | 0 |
_aElectronic devices and circuits / _cJacob Millman, Christos C. Halkias |
| 250 | _aInternational student ed | ||
| 260 |
_aSingapore ; _aLondon : _bMcGraw-Hill, _c1976 |
||
| 300 |
_axv, 752 p. : _bill. ; _c21 cm |
||
| 500 | _aIncludes index | ||
| 650 | 0 | _aElectronic circuit design | |
| 700 | 1 | _aHalkias, Christos C. | |
| 942 |
_2ddc _cBK |
||